000 00353nam a2200109Ia 4500
008 191209s9999 xx 000 0 und d
020 _a9718614303
100 _aGillesania, DIT
245 _cDIT Gillesania .--
_aEngineering Mathematics :
_bVolume 2
260 _aTacloban:
_bGillesania Engineering Review and Training Center
_c2004
300 _a427 pages :
999 _c362866
_d362866